| 000 | 00653cam a2200229I 4500 | ||
|---|---|---|---|
| 008 | |||
| 049 | _aMAIN | ||
| 090 |
_aQA47 _bCHE |
||
| 110 | 2 | _aChemical Rubber Company. | |
| 245 | 1 | 0 |
_aStandard mathematical tables / _ceditor-in-chief of Mathematics, Samuel M. Selby. |
| 250 | _a15th ed. | ||
| 260 |
_aCleveland, Ohio : _bCRC Press, _c1965. |
||
| 300 |
_a664 p. : _c24 cm. |
||
| 500 | _aIncludes index. | ||
| 650 | 0 |
_aMathematics _xTables. |
|
| 700 | 1 | 0 | _aSelby, Samuel M. |
| 907 |
_a.b10346910 _b15-10-14 _c01-09-14 |
||
| 003 | |||
| 005 | 20230120144457.0 | ||
| 040 | _cNUST | ||
| 942 |
_cBOOKS _kQA47 _mCHE |
||
| 999 |
_c97551 _d97551 |
||